Voluntary guidelines to support the progressive realization of the right to adequate food in the context of national food security, adopted by the 127th Session of the FAO Council, November 2004. (Record no. 32985)
[ view plain ]
| 000 -LEADER | |
|---|---|
| fixed length control field | 00968nam a2200229 a 4500 |
| 008 - FIXED-LENGTH DATA ELEMENTS--GENERAL INFORMATION | |
| fixed length control field | 121025s2005 ||||||||||||||||| || u |
| 010 ## - LIBRARY OF CONGRESS CONTROL NUMBER | |
| LC control number | 2005455041 |
| 020 ## - INTERNATIONAL STANDARD BOOK NUMBER | |
| International Standard Book Number | 9251053367 |
| 050 ## - LIBRARY OF CONGRESS CALL NUMBER | |
| Classification number | TX 359 Vol |
| 110 ## - MAIN ENTRY--CORPORATE NAME | |
| Corporate name or jurisdiction name as entry element | United Nations Food and Agriculture Organisation (FAO) |
| 245 10 - TITLE STATEMENT | |
| Title | Voluntary guidelines to support the progressive realization of the right to adequate food in the context of national food security, adopted by the 127th Session of the FAO Council, November 2004. |
| 246 ## - | |
| -- | Right to food |
| 260 ## - PUBLICATION, DISTRIBUTION, ETC. | |
| Place of publication, distribution, etc. | Rome |
| Name of publisher, distributor, etc. | United Nations Food and Agriculture Organisation (FAO) |
| Date of publication, distribution, etc. | 2005 |
| 300 ## - PHYSICAL DESCRIPTION | |
| Extent | vi, 37 p. |
| 650 #0 - SUBJECT ADDED ENTRY--TOPICAL TERM | |
| Topical term or geographic name entry element | RIGHT TO FOOD |
| 650 #0 - SUBJECT ADDED ENTRY--TOPICAL TERM | |
| Topical term or geographic name entry element | HUNGER |
| 650 #0 - SUBJECT ADDED ENTRY--TOPICAL TERM | |
| Topical term or geographic name entry element | FOOD SUPPLY |
| 650 #0 - SUBJECT ADDED ENTRY--TOPICAL TERM | |
| Topical term or geographic name entry element | NUTRITION POLICY |
| 650 #0 - SUBJECT ADDED ENTRY--TOPICAL TERM | |
| Topical term or geographic name entry element | HUMAN RIGHTS |
| 995 ## - | |
| -- | MEDICAL LIBRARY OPEN ACCESS |
| -- | 901873 |
| -- | CBU-SCHOOL OF MEDICINE LIBRARY (Ndola) |
| -- | OTL TX 359 Vol (BOX 3) |
| -- | 1 |
| -- | AVAILABLE |
| -- | Oct 25, 2012 |
| -- | 901873 |
| -- | Medical Library Open Access Collection |
| 999 ## - | |
| -- | 32985 |
| -- | 32985 |
| Withdrawn status | Lost status | Source of classification or shelving scheme | Damaged status | Not for loan | Permanent Location | Current Location | Shelving location | Date acquired | Total Checkouts | Full call number | Barcode | Date last seen | Price effective from | Koha item type |
|---|---|---|---|---|---|---|---|---|---|---|---|---|---|---|
| CBU-SCHOOL OF MEDICINE LIBRARY, NDOLA. | CBU-SCHOOL OF MEDICINE LIBRARY, NDOLA. | 11/30/2022 | TX 359 Vol | 901873 | 11/30/2022 | 11/30/2022 | MONOGRAPH |